000 01318nam a22002537a 4500
999 _c22193
_d22193
003 AR-CdUCM
008 190425b ||||| |||| 00| 0 spa d
040 _aMUNICIPALIDAD PROVINCIAL DEL CUSCO
_cBIBLIOTECA MUNICIPAL DEL CUSCO
082 _aOropesa/N°96/2015
245 _aOropesa :
_brevista de cultura y educación de opinión y crítica /
_cAmérico Valer Vargas, Director
260 _aCusco.
_bLezama,
_c2015.
300 _a18 páginas. :
_bilustraciones ;
_c30 cm.
440 _aOropesa.
_nAño XXXIV, N°XCVI, diciembre 2015.
_947617
505 _aContenido: Comunicación persuasiva de los políticos. -- Santurantikuy 2015. -- Reseña histórica del Distrito de Huaro. -- Martín Chambi artista de la luz. -- La historia no juzga ni condena solo comprende Mateo Pumacahua no es traidor. -- Advenimiento del ser divino. -- Cuzco retraso e incanismo los 50 años y los motivos de nuestro atraso. -- Bofedal humedal altoandino de importancia para el desarrollo de la región Cusco.
650 _aPolítica cusqueña
_947381
650 _aCultura andina
_947570
650 _aSociedad cusqueña
_947493
650 _aSiglo XX
_947561
700 _aValenzuela Lovón, Armando
_91192
700 _aValer Vargas, Américo
_947562
700 _aMould de Pease, Mariana
_97113
942 _2ddc
_cPP
945 _arac